[Event "10. Open Internacional de Málaga"]
[Site "Campillos ESP"]
[Date "2007.02.26"]
[Round "4.17"]
[White "Blanco Villalba, Jose Francisco"]
[Black "Terron Elena, Francisco Miguel"]
[Result "1/2-1/2"]
[WhiteElo "1980"]
[BlackElo "2288"]
[PlyCount "131"]
[EventDate "2007.02.24"]
[EventType "swiss"]
[EventRounds "9"]
[EventCountry "ESP"]
[Source "lmi"]
[SourceDate "2007.02.24"]

1. d4 Nf6 2. c4 c5 3. d5 a6 4. Nc3 e5 5. e4 d6 6. Bd3 Be7 7. Nge2 O-O 8. O-O
Nbd7 9. Ng3 Ne8 10. f4 exf4 11. Bxf4 Bg5 12. Qd2 Bxf4 13. Rxf4 Ne5 14. Raf1 Rb8
15. Nd1 b5 16. Ne3 g6 17. b3 Bd7 18. Kh1 Rb7 19. Ne2 f6 20. Ng1 Ng7 21. R4f2
Ne8 22. Nf3 Qb6 23. Nxe5 dxe5 24. g4 Bc8 25. Qe2 b4 26. Qf3 Rbf7 27. Qg3 Nd6
28. Kg1 g5 29. Kg2 Ne8 30. Kf3 Rg7 31. Ke2 Rff7 32. Qf3 a5 33. Rh1 Nd6 34. Nf1
Qa6 35. Ng3 Ne8 36. h3 Ra7 37. Nh5 Rgf7 38. Qe3 Qd6 39. Rhf1 Ra6 40. Bc2 Qc7
41. Kd3 h6 42. Ra1 Bd7 43. Rff1 Qa7 44. Qc1 a4 45. Qb2 Ng7 46. Ng3 Rf8 47. Nf5
Nxf5 48. exf5 Ra8 49. Rab1 axb3 50. axb3 Ra2 51. Qc1 e4+ 52. Kxe4 Qc7 53. Kd3
Qg3+ 54. Qe3 Qxe3+ 55. Kxe3 Rxc2 56. Rfe1 Rc3+ 57. Kf2 Ra2+ 58. Kf1 Rxh3 59.
Kg1 Rg3+ 60. Kh1 Rxg4 61. Re7 Bxf5 62. Rbe1 Bg6 63. d6 Bf5 64. d7 Bxd7 65. Rxd7
Kf8 66. Ree7 1/2-1/2

[Event "10. Open Internacional de Málaga"]
[Site "Campillos ESP"]
[Date "2007.02.26"]
[Round "4.18"]
[White "Bolle, Leendert"]
[Black "Leite, Catarina"]
[Result "0-1"]
[WhiteElo "2011"]
[BlackElo "2218"]
[PlyCount "58"]
[EventDate "2007.02.24"]
[EventType "swiss"]
[EventRounds "9"]
[EventCountry "ESP"]
[Source "lmi"]
[SourceDate "2007.02.24"]

1. e4 e5 2. Nf3 Nc6 3. Bc4 Nf6 4. Ng5 d5 5. exd5 Na5 6. Bb5+ c6 7. dxc6 bxc6 8.
Be2 h6 9. Nf3 e4 10. Ne5 Bc5 11. c3 Bd6 12. d4 exd3 13. Nxd3 Qc7 14. h3 Bf5 15.
Qa4 O-O 16. Na3 Rfe8 17. Be3 Rxe3 18. fxe3 Bg3+ 19. Nf2 Ne4 20. O-O Bh2+ 21.
Kh1 Ng3+ 22. Kxh2 Nxf1+ 23. Kg1 Nxe3 24. Qh4 Rd8 25. Re1 Nb7 26. Ba6 g5 27.
Qxh6 Qg3 28. Bf1 Rd2 29. Ng4 Rxg2+ 0-1

[Event "10. Open Internacional de Málaga"]
[Site "Campillos ESP"]
[Date "2007.02.26"]
[Round "4.19"]
[White "Diogo, Vasco"]
[Black "Ladron de Guevara Pinto, Fermin"]
[Result "1-0"]
[WhiteElo "2208"]
[BlackElo "2014"]
[PlyCount "110"]
[EventDate "2007.02.24"]
[EventType "swiss"]
[EventRounds "9"]
[EventCountry "ESP"]
[Source "lmi"]
[SourceDate "2007.02.24"]

1. e4 c5 2. Nf3 e6 3. d4 cxd4 4. Nxd4 a6 5. c4 Qc7 6. Nc3 Nf6 7. Be2 Nc6 8. O-O
Be7 9. Be3 O-O 10. Rc1 b6 11. Nd5 exd5 12. cxd5 Bc5 13. dxc6 dxc6 14. b4 Bxd4
15. Qxd4 Be6 16. a3 b5 17. f3 Rfd8 18. Qc3 Rac8 19. Rc2 Nd7 20. Bd4 f6 21. Rfc1
Qb7 22. Qe3 Bf7 23. Bf1 Re8 24. g3 Be6 25. h4 Nb8 26. h5 Qf7 27. h6 g6 28. Qf4
Rf8 29. g4 Rcd8 30. Bc5 Rfe8 31. Bd6 g5 32. Qh2 Qa7+ 33. Bc5 Qd7 34. Be3 Bf7
35. Rc5 Qe6 36. Qb2 Bg6 37. Bxg5 Kf7 38. Bg2 Rc8 39. Bf4 Nd7 40. R5c3 Nb6 41.
Qf2 Nc4 42. Bf1 Ne5 43. Be2 Kg8 44. Bd1 Kh8 45. Bb3 Qe7 46. Qh4 Red8 47. g5
Qa7+ 48. Kg2 Nd3 49. Rd1 Nxf4+ 50. Kg3 Rf8 51. Rd6 Qb8 52. gxf6 Bf7 53. Bxf7
Rxf7 54. e5 Rg8+ 55. Kf2 Qa7+ 1-0

[Event "10. Open Internacional de Málaga"]
[Site "Campillos ESP"]
[Date "2007.02.26"]
[Round "4.20"]
[White "Munoz Jorva, Miguel Angel"]
[Black "Moussard, Jules"]
[Result "0-1"]
[WhiteElo "1961"]
[BlackElo "2190"]
[PlyCount "58"]
[EventDate "2007.02.24"]
[EventType "swiss"]
[EventRounds "9"]
[EventCountry "ESP"]
[Source "lmi"]
[SourceDate "2007.02.24"]

1. d4 Nf6 2. c4 c5 3. d5 e6 4. dxe6 fxe6 5. Bg5 Be7 6. Nc3 O-O 7. Nf3 b6 8. e4
Bb7 9. Bxf6 Bxf6 10. Bd3 Nc6 11. O-O Bxc3 12. bxc3 Qf6 13. Qd2 d6 14. Ng5 h6
15. Nh7 Qf4 16. Rad1 Kxh7 17. e5+ g6 18. exd6 Ne5 19. Qxf4 Rxf4 20. d7 Rd8 21.
Be2 Rxd7 22. Rxd7+ Nxd7 23. Rd1 Nf8 24. Kf1 Rf7 25. Bg4 h5 26. Bh3 g5 27. g3 g4
28. Bg2 Bxg2+ 29. Kxg2 Rd7 0-1

[Event "10. Open Internacional de Málaga"]
[Site "Campillos ESP"]
[Date "2007.02.27"]
[Round "5.2"]
[White "Suba, Mihai"]
[Black "Matamoros Franco, Carlos S"]
[Result "1/2-1/2"]
[WhiteElo "2529"]
[BlackElo "2540"]
[PlyCount "121"]
[EventDate "2007.02.24"]
[EventType "swiss"]
[EventRounds "9"]
[EventCountry "ESP"]
[Source "lmi"]
[SourceDate "2007.02.24"]

1. c4 g6 2. d4 Nf6 3. Nf3 Bg7 4. g3 O-O 5. Bg2 d6 6. O-O Nbd7 7. Nc3 e5 8. h3
a6 9. Re1 c6 10. e4 Re8 11. Be3 b5 12. dxe5 dxe5 13. Qc2 Qe7 14. Red1 Bb7 15.
a3 Rec8 16. Nd2 h5 17. Rac1 Qf8 18. Nf3 Qe7 19. Qe2 Nc5 20. Nd2 Ne6 21. Nb3 h4
22. g4 Nh7 23. Na5 Nhg5 24. c5 Nd4 25. Qf1 Nge6 26. b4 Rd8 27. Ne2 Rac8 28.
Bxd4 exd4 29. Rd3 g5 30. Rcd1 Be5 31. Nb3 Qf6 32. Rf3 Qg7 33. Nec1 Nf4 34. Nd3
Nxd3 35. Qxd3 Rc7 36. a4 Bc8 37. Na5 Be6 38. Ra1 f6 39. Ra3 Kh8 40. Bf1 Re8 41.
Qd1 Bg8 42. Rfd3 Rd8 43. Qf3 Qe7 44. Rd1 Bh7 45. Bd3 Re8 46. Nb3 Bg8 47. axb5
axb5 48. Rda1 Rd8 49. Nd2 Rdd7 50. Ra8 Ra7 51. R8xa7 Rxa7 52. Qd1 Qf7 53. Qb1
Rxa1 54. Qxa1 Qa2 55. Qxa2 Bxa2 56. Kf1 Kg7 57. Ke2 Kf8 58. Bc2 Bc4+ 59. Bd3
Ba2 60. Bc2 Bc4+ 61. Bd3 1/2-1/2

[Event "10. Open Internacional de Málaga"]
[Site "Campillos ESP"]
[Date "2007.02.27"]
[Round "5.4"]
[White "Tratar, Marko"]
[Black "Ivanov, Jordan"]
[Result "1-0"]
[WhiteElo "2478"]
[BlackElo "2377"]
[PlyCount "43"]
[EventDate "2007.02.24"]
[EventType "swiss"]
[EventRounds "9"]
[EventCountry "ESP"]
[Source "lmi"]
[SourceDate "2007.02.24"]

1. Nf3 d5 2. d4 Nf6 3. c4 dxc4 4. e3 e6 5. Bxc4 c5 6. O-O a6 7. dxc5 Bxc5 8.
Qxd8+ Kxd8 9. Be2 Ke7 10. Ne5 Nbd7 11. Nc4 Rd8 12. Nbd2 Kf8 13. Nb3 Be7 14. Rd1
Ne4 15. Kf1 Rb8 16. f3 Nec5 17. e4 b5 18. Nxc5 Nxc5 19. Bf4 Rb7 20. Rxd8+ Bxd8
21. Nd6 Rc7 22. Rc1 1-0

[Event "10. Open Internacional de Málaga"]
[Site "Campillos ESP"]
[Date "2007.02.27"]
[Round "5.5"]
[White "Bellon Lopez, Juan Manuel"]
[Black "Cruz Ravina, Francisco Javier"]
[Result "1-0"]
[WhiteElo "2442"]
[BlackElo "2285"]
[PlyCount "77"]
[EventDate "2007.02.24"]
[EventType "swiss"]
[EventRounds "9"]
[EventCountry "ESP"]
[Source "lmi"]
[SourceDate "2007.02.24"]

1. d4 d5 2. Nf3 c5 3. c4 e6 4. cxd5 exd5 5. Nc3 Nc6 6. g3 Nf6 7. Bg2 Be7 8. O-O
O-O 9. dxc5 Bxc5 10. Bg5 d4 11. Na4 Be7 12. Rc1 Qa5 13. a3 Bg4 14. Bxf6 Bxf6
15. h3 d3 16. exd3 Bxf3 17. Bxf3 Nd4 18. Bxb7 Rae8 19. Rc5 Qd8 20. Be4 g6 21.
Nc3 Bg7 22. Rd5 Qb8 23. Qa4 Qxb2 24. Rxd4 Bxd4 25. Qxd4 Rc8 26. Qxa7 Qxc3 27.
Rb1 Rc7 28. Qb6 Rfc8 29. a4 Qc2 30. Ra1 Qd2 31. Kg2 h5 32. Qf6 Qa5 33. g4 h4
34. Rb1 Qc5 35. Rb5 Qe7 36. Qxe7 Rxe7 37. a5 Rcc7 38. a6 Ra7 39. Rb7 1-0

[Event "10. Open Internacional de Málaga"]
[Site "Campillos ESP"]
[Date "2007.02.27"]
[Round "5.6"]
[White "Lopez, Jorge"]
[Black "Fernandez Romero, Ernesto"]
[Result "0-1"]
[WhiteElo "2271"]
[BlackElo "2434"]
[PlyCount "82"]
[EventDate "2007.02.24"]
[EventType "swiss"]
[EventRounds "9"]
[EventCountry "ESP"]
[Source "lmi"]
[SourceDate "2007.02.24"]

1. d4 Nf6 2. Nf3 g6 3. c4 Bg7 4. Nc3 d5 5. e3 O-O 6. cxd5 Nxd5 7. Bc4 Nxc3 8.
bxc3 b6 9. O-O Bb7 10. Qe2 a6 11. a4 Nc6 12. Ba3 Na5 13. Ba2 Bc6 14. Bb4 Nb7
15. Bb3 a5 16. Ba3 Nd6 17. Nd2 Bb7 18. Rfd1 Re8 19. f4 Qc8 20. e4 c5 21. dxc5
bxc5 22. e5 Nf5 23. Ne4 Bxe4 24. Qxe4 e6 25. Bc4 Bf8 26. Rd2 Rd8 27. Rad1 Qc7
28. Kf2 Rxd2+ 29. Rxd2 Rd8 30. Rxd8 Qxd8 31. Bd3 c4 32. Bxf8 cxd3 33. Bd6 Qh4+
34. g3 Qxh2+ 35. Ke1 Nxd6 36. exd6 Qc2 37. Qe3 Qxc3+ 38. Qd2 Qa1+ 39. Kf2 Qd4+
40. Kf3 Qxd6 41. Ke3 Qb6+ 0-1

[Event "10. Open Internacional de Málaga"]
[Site "Campillos ESP"]
[Date "2007.02.27"]
[Round "5.7"]
[White "Pilaj, Herwig"]
[Black "Picazo Lopez, Juan Antonio"]
[Result "1/2-1/2"]
[WhiteElo "2373"]
[BlackElo "2220"]
[PlyCount "55"]
[EventDate "2007.02.24"]
[EventType "swiss"]
[EventRounds "9"]
[EventCountry "ESP"]
[Source "lmi"]
[SourceDate "2007.02.24"]

1. d4 d5 2. c4 c6 3. e3 Nf6 4. Nf3 Bg4 5. h3 Bxf3 6. Qxf3 e6 7. Nc3 Nbd7 8. a3
Bd6 9. g4 h6 10. Bd2 Qe7 11. cxd5 exd5 12. Bd3 a5 13. h4 Nf8 14. O-O-O Ne6 15.
g5 Nd7 16. gxh6 Rxh6 17. Qg4 O-O-O 18. Kb1 Rdh8 19. Rc1 Kb8 20. h5 Nf6 21. Qd1
Rxh5 22. Rxh5 Rxh5 23. Na4 Bc7 24. Ka2 Rh2 25. Qg1 Rh5 26. Qd1 Rh2 27. Qg1 Rh5
28. Qd1 1/2-1/2

[Event "10. Open Internacional de Málaga"]
[Site "Campillos ESP"]
[Date "2007.02.27"]
[Round "5.8"]
[White "Serrano Marhuenda, Salvador"]
[Black "Recuero Guerra, David"]
[Result "1/2-1/2"]
[WhiteElo "2143"]
[BlackElo "2357"]
[PlyCount "108"]
[EventDate "2007.02.24"]
[EventType "swiss"]
[EventRounds "9"]
[EventCountry "ESP"]
[Source "lmi"]
[SourceDate "2007.02.24"]

1. e4 e5 2. Nf3 Nc6 3. Bb5 Nd4 4. Nxd4 exd4 5. O-O c6 6. Bc4 Nf6 7. d3 d5 8.
exd5 Nxd5 9. Nd2 Be7 10. Re1 Nb6 11. Bb3 O-O 12. Ne4 a5 13. a3 a4 14. Ba2 Ra5
15. Bd2 Rb5 16. Rb1 Kh8 17. f4 Be6 18. Bxe6 fxe6 19. Qg4 Qd7 20. Ng3 Nd5 21.
Ne4 Nc7 22. h4 Rbf5 23. Ng3 R5f6 24. h5 Bd6 25. Rf1 Nd5 26. Ne4 Rf5 27. Ng3
R5f7 28. Rbe1 Nxf4 29. Ne4 Bc7 30. Ng5 Rf6 31. g3 Nd5 32. Nxe6 Rxf1+ 33. Rxf1
Rxf1+ 34. Kxf1 Nf6 35. Qf5 Bd8 36. Qe5 Be7 37. h6 Kg8 38. hxg7 Qc8 39. Kg2 Ng4
40. Qf5 Ne3+ 41. Bxe3 dxe3 42. Kf3 h6 43. Qf8+ Bxf8 44. gxf8=Q+ Qxf8+ 45. Nxf8
Kxf8 46. Kxe3 Ke7 47. Kf4 Kf6 48. d4 b5 49. c3 h5 50. Ke4 Kg5 51. Ke3 Kg4 52.
Kf2 Kg5 53. Kg2 Kg4 54. Kh2 Kf5 1/2-1/2

[Event "10. Open Internacional de Málaga"]
[Site "Campillos ESP"]
[Date "2007.02.27"]
[Round "5.9"]
[White "Dias, Paulo"]
[Black "Rubio Doblas, Ricardo"]
[Result "1-0"]
[WhiteElo "2425"]
[BlackElo "2065"]
[PlyCount "63"]
[EventDate "2007.02.24"]
[EventType "swiss"]
[EventRounds "9"]
[EventCountry "ESP"]
[Source "lmi"]
[SourceDate "2007.02.24"]

1. e4 e5 2. Nf3 Nc6 3. Bb5 a6 4. Ba4 Nf6 5. O-O Be7 6. Re1 b5 7. Bb3 O-O 8. d4
Nxd4 9. Bxf7+ Rxf7 10. Nxe5 Rf8 11. Qxd4 c5 12. Qd1 Bb7 13. Nc3 Qe8 14. f4 d5
15. Nxd5 Nxd5 16. exd5 Rd8 17. Be3 Rxd5 18. Qg4 Bd6 19. c4 Rxe5 20. fxe5 Qxe5
21. Qh4 Qxb2 22. Qh3 Rf6 23. Rad1 Qxa2 24. cxb5 axb5 25. Rd2 Qe6 26. Qxe6+ Rxe6
27. Bf2 Rg6 28. Bg3 Bf8 29. Rf1 Be4 30. Rd8 Rf6 31. Bd6 Bf5 32. Rxf8+ 1-0

[Event "10. Open Internacional de Málaga"]
[Site "Campillos ESP"]
[Date "2007.02.27"]
[Round "5.10"]
[White "Berbatov, Kiprian"]
[Black "Zambrana, Oswaldo"]
[Result "0-1"]
[WhiteElo "2145"]
[BlackElo "2495"]
[PlyCount "118"]
[EventDate "2007.02.24"]
[EventType "swiss"]
[EventRounds "9"]
[EventCountry "ESP"]
[Source "lmi"]
[SourceDate "2007.02.24"]

1. e4 c5 2. Nf3 d6 3. d4 cxd4 4. Nxd4 Nf6 5. Nc3 a6 6. Be3 e6 7. Be2 Be7 8. O-O
Qc7 9. f4 O-O 10. Qe1 Nbd7 11. Qg3 Kh8 12. Rad1 Re8 13. Nb3 b5 14. e5 dxe5 15.
fxe5 Qxe5 16. Bf4 Qf5 17. Bf3 Bc5+ 18. Kh1 Ra7 19. Nxc5 Qxc5 20. Ne4 Nxe4 21.
Bxe4 Qb4 22. Bc6 Qc4 23. Be3 f6 24. Bxa7 Qxc6 25. c3 e5 26. Rd2 Nf8 27. Rfd1
Ne6 28. Be3 Qc4 29. a3 Bb7 30. Qf2 Qg4 31. Qg3 Qe4 32. Rd6 h5 33. Kg1 a5 34.
Bh6 h4 35. Qf2 h3 36. Be3 Qxg2+ 37. Qxg2 Bxg2 38. Rb6 Nc7 39. Rbd6 f5 40. Bb6
Ne6 41. Bxa5 f4 42. Bb6 Kh7 43. Re1 Ng5 44. Kf2 Nf3 45. Rd3 Nxh2 46. Rxh3+ Bxh3
47. Rh1 g5 48. Rxh2 g4 49. Ke2 Kg6 50. Bf2 e4 51. Be1 Rh8 52. Rf2 f3+ 53. Ke3
g3 54. Rd2 f2 55. Bxf2 gxf2 56. Rxf2 Bf5 57. Rd2 Rh3+ 58. Kd4 Kf6 59. Kc5 e3
0-1

[Event "10. Open Internacional de Málaga"]
[Site "Campillos ESP"]
[Date "2007.02.27"]
[Round "5.11"]
[White "Colovic, Aleksandar"]
[Black "Fomani, Mehdi"]
[Result "1-0"]
[WhiteElo "2463"]
[BlackElo "2162"]
[PlyCount "103"]
[EventDate "2007.02.24"]
[EventType "swiss"]
[EventRounds "9"]
[EventCountry "ESP"]
[Source "lmi"]
[SourceDate "2007.02.24"]

1. e4 c6 2. d4 d5 3. Nd2 dxe4 4. Nxe4 Bf5 5. Ng3 Bg6 6. h4 h6 7. Nf3 Nd7 8. h5
Bh7 9. Bd3 Bxd3 10. Qxd3 Qc7 11. Bd2 e6 12. O-O-O Ngf6 13. Qe2 O-O-O 14. Ne5
Nb6 15. Ba5 Rd5 16. Bxb6 axb6 17. f4 c5 18. Qc4 Bd6 19. Ne2 Bxe5 20. dxe5 Rxd1+
21. Rxd1 Nd5 22. Rd3 Rd8 23. Qe4 Nb4 24. Rxd8+ Qxd8 25. a3 Nd5 26. c4 Ne7 27.
g3 Nf5 28. Kc2 Kb8 29. g4 Nd4+ 30. Nxd4 cxd4 31. f5 Qh4 32. fxe6 Qf2+ 33. Kd3
fxe6 34. Qxd4 Qf3+ 35. Kc2 Qe2+ 36. Kb3 Ka7 37. a4 Ka6 38. c5 Qf3+ 39. Ka2 b5
40. Qd8 Ka7 41. Qb6+ Kb8 42. Qd6+ Ka7 43. Qb6+ Kb8 44. Qd8+ Ka7 45. axb5 Qe4
46. Qb6+ Kb8 47. Qd6+ Ka8 48. c6 Qc4+ 49. Ka3 Qxb5 50. cxb7+ Qxb7 51. Qd8+ Ka7
52. Qa5+ 1-0

[Event "10. Open Internacional de Málaga"]
[Site "Campillos ESP"]
[Date "2007.02.27"]
[Round "5.12"]
[White "Karim, Ismael"]
[Black "Gutierrez Lopez, Carlos"]
[Result "1-0"]
[WhiteElo "2324"]
[BlackElo "2126"]
[PlyCount "47"]
[EventDate "2007.02.24"]
[EventType "swiss"]
[EventRounds "9"]
[EventCountry "ESP"]
[Source "lmi"]
[SourceDate "2007.02.24"]

1. e4 c5 2. Nf3 Nc6 3. d4 cxd4 4. Nxd4 g6 5. c4 Nf6 6. Nc3 d6 7. Be2 Nxd4 8.
Qxd4 Bg7 9. Bg5 O-O 10. Qe3 Qa5 11. O-O Be6 12. Rab1 Rfc8 13. b3 a6 14. a4 Qc5
15. Qxc5 Rxc5 16. Be3 Rcc8 17. a5 Kf8 18. Na4 Rab8 19. f3 Nd7 20. g4 Nc5 21.
Nb6 Rc7 22. Rfc1 Nd7 23. Na4 Nc5 24. Nxc5 1-0

[Event "10. Open Internacional de Málaga"]
[Site "Campillos ESP"]
[Date "2007.02.27"]
[Round "5.13"]
[White "Borrego Gil, Diego"]
[Black "Rodriguez Lopez, Rafael"]
[Result "0-1"]
[WhiteElo "2082"]
[BlackElo "2283"]
[PlyCount "66"]
[EventDate "2007.02.24"]
[EventType "swiss"]
[EventRounds "9"]
[EventCountry "ESP"]
[Source "lmi"]
[SourceDate "2007.02.24"]

1. d4 Nf6 2. c4 g6 3. Nc3 d5 4. Nf3 Bg7 5. Bg5 Ne4 6. Bf4 Nxc3 7. bxc3 dxc4 8.
Qa4+ c6 9. Qxc4 Be6 10. Qa4 O-O 11. e4 c5 12. Rc1 Bd7 13. Qb3 Nc6 14. d5 Na5
15. Qc2 e6 16. c4 exd5 17. cxd5 Re8 18. Be2 Qe7 19. Bd2 b6 20. Bxa5 bxa5 21.
O-O Qxe4 22. Qxe4 Rxe4 23. Bd3 Ra4 24. Bc4 Rb4 25. Nd2 Bb2 26. Rce1 Bc3 27. a3
Bxd2 28. axb4 Bxe1 29. Rxe1 axb4 30. Re7 Rd8 31. f4 a5 32. h3 a4 33. g4 Kf8 0-1

[Event "10. Open Internacional de Málaga"]
[Site "Campillos ESP"]
[Date "2007.02.27"]
[Round "5.14"]
[White "Leite, Catarina"]
[Black "Medina Menendez, Eduardo Matias"]
[Result "1-0"]
[WhiteElo "2218"]
[BlackElo "2049"]
[PlyCount "43"]
[EventDate "2007.02.24"]
[EventType "swiss"]
[EventRounds "9"]
[EventCountry "ESP"]
[Source "lmi"]
[SourceDate "2007.02.24"]

1. e4 e5 2. Nf3 d6 3. Bc4 Nf6 4. d3 Be7 5. O-O O-O 6. c3 c6 7. Nbd2 b5 8. Bb3
Nbd7 9. a4 Nc5 10. axb5 cxb5 11. Bc2 Ne6 12. Re1 Qc7 13. Nf1 Re8 14. Ng3 g6 15.
d4 b4 16. d5 Nc5 17. cxb4 Na6 18. Ba4 Rd8 19. Bc6 Bb7 20. b5 Nc5 21. b4 Ncd7
22. Be3 1-0

[Event "10. Open Internacional de Málaga"]
[Site "Campillos ESP"]
[Date "2007.02.27"]
[Round "5.15"]
[White "Garcia Rodriguez, Victor"]
[Black "Diogo, Vasco"]
[Result "0-1"]
[WhiteElo "1975"]
[BlackElo "2208"]
[PlyCount "52"]
[EventDate "2007.02.24"]
[EventType "swiss"]
[EventRounds "9"]
[EventCountry "ESP"]
[Source "lmi"]
[SourceDate "2007.02.24"]

1. e4 c5 2. Nf3 d6 3. d4 cxd4 4. Nxd4 Nf6 5. Nc3 a6 6. Bg5 e6 7. f4 Be7 8. Qf3
h6 9. Bh4 Qc7 10. O-O-O b5 11. Bxb5+ axb5 12. Ndxb5 Qc6 13. e5 Qxf3 14. gxf3
Nfd7 15. Nc7+ Kd8 16. Bxe7+ Kxc7 17. Nb5+ Kb6 18. Nxd6 Rxa2 19. Kb1 Ra4 20. c4
Bb7 21. b3 Ra6 22. Rd3 Nc5 23. Rc3 Nc6 24. Bh4 Rha8 25. Rcc1 Nb4 26. Rcd1 Bxf3
0-1

[Event "10. Open Internacional de Málaga"]
[Site "Campillos ESP"]
[Date "2007.02.27"]
[Round "5.16"]
[White "Moussard, Jules"]
[Black "Rioboo De Larriva, Alvaro"]
[Result "1-0"]
[WhiteElo "2190"]
[BlackElo "1765"]
[PlyCount "91"]
[EventDate "2007.02.24"]
[EventType "swiss"]
[EventRounds "9"]
[EventCountry "ESP"]
[Source "lmi"]
[SourceDate "2007.02.24"]

1. e4 c5 2. Nf3 Nc6 3. d4 cxd4 4. Nxd4 g6 5. c4 Bg7 6. Be3 Nf6 7. Nc3 Ng4 8.
Qxg4 Nxd4 9. Qd1 e5 10. Bd3 O-O 11. O-O d6 12. Bxd4 exd4 13. Nd5 Be6 14. Qb3
Qd7 15. f4 f5 16. exf5 Bxf5 17. Bxf5 Rxf5 18. Rfe1 Re8 19. Kf2 Be5 20. Re4 Kh8
21. Kg1 Bg7 22. Rae1 Rff8 23. h3 Rxe4 24. Rxe4 Re8 25. Qd3 Kg8 26. b3 Kf7 27.
Qe2 d3 28. Qxd3 Qf5 29. Re3 Qxd3 30. Rxd3 Re2 31. a4 Bh6 32. Kf1 Rb2 33. Re3 b6
34. Re7+ Kg8 35. Rxa7 Rxb3 36. Nf6+ Kf8 37. Nxh7+ Kg8 38. Nf6+ Kf8 39. Nd5 Bg7
40. Rb7 Bd4 41. Ke2 Rg3 42. Nxb6 Rxg2+ 43. Kf3 Rc2 44. a5 Bxb6 45. axb6 Rxc4
46. Rc7 1-0

[Event "10. Open Internacional de Málaga"]
[Site "Campillos ESP"]
[Date "2007.02.27"]
[Round "5.17"]
[White "Fenollar Jorda, Manuel"]
[Black "Blanco Villalba, Jose Francisco"]
[Result "1-0"]
[WhiteElo "2307"]
[BlackElo "1980"]
[PlyCount "135"]
[EventDate "2007.02.24"]
[EventType "swiss"]
[EventRounds "9"]
[EventCountry "ESP"]
[Source "lmi"]
[SourceDate "2007.02.24"]

1. d4 Nf6 2. Nf3 e6 3. Nbd2 d5 4. e3 c5 5. c3 Be7 6. Bd3 O-O 7. O-O b6 8. Ne5
Bb7 9. f4 Ne4 10. Qf3 f6 11. Ng4 f5 12. Ne5 Nd7 13. g4 Nxe5 14. fxe5 Qe8 15.
Qg2 Qd7 16. gxf5 exf5 17. Nxe4 fxe4 18. Be2 Rxf1+ 19. Bxf1 Rf8 20. Bd2 Rf5 21.
Kh1 Rg5 22. Qe2 Bc8 23. Bg2 Qe8 24. Rf1 Qg6 25. Be1 Rh5 26. Bg3 Bf5 27. c4 Be6
28. cxd5 Bxd5 29. b3 Rf5 30. Rd1 Qc6 31. Qd2 c4 32. bxc4 Qxc4 33. Rc1 Qa6 34.
Qc2 Rf8 35. Kg1 Ba3 36. Rf1 Rxf1+ 37. Bxf1 Qb7 38. Bc4 Qf7 39. Bxd5 Qxd5 40.
Qa4 Bf8 41. Qe8 Qf7 42. Qc8 Qf3 43. Qc4+ Kh8 44. Qc3 Qd1+ 45. Qe1 Qf3 46. Qf2
Qd1+ 47. Kg2 Kg8 48. e6 Qh5 49. d5 h6 50. d6 Bxd6 51. Qf7+ Qxf7 52. exf7+ Kxf7
53. Bxd6 Ke6 54. Bf8 Kd7 55. Ba3 Ke6 56. Kg3 g6 57. Kf4 Kd5 58. Bf8 h5 59. h4
b5 60. a3 a5 61. Be7 Kc4 62. Kxe4 b4 63. axb4 axb4 64. Kf4 b3 65. Bf6 Kd3 66.
e4 Kc2 67. Bd4 Kd3 68. Ba1 1-0

[Event "10. Open Internacional de Málaga"]
[Site "Campillos ESP"]
[Date "2007.02.27"]
[Round "5.18"]
[White "Fernandez Calzada, Juan A"]
[Black "Camacho Collados, Jose"]
[Result "0-1"]
[WhiteElo "1955"]
[BlackElo "2306"]
[PlyCount "60"]
[EventDate "2007.02.24"]
[EventType "swiss"]
[EventRounds "9"]
[EventCountry "ESP"]
[Source "lmi"]
[SourceDate "2007.02.24"]

1. e4 c5 2. Nf3 Nc6 3. d4 cxd4 4. Nxd4 Nf6 5. Nc3 e6 6. a3 Be7 7. Be3 O-O 8.
Be2 d6 9. O-O a6 10. Kh1 Bd7 11. Qd2 Rc8 12. f4 Qc7 13. Nb3 Na5 14. Nxa5 Qxa5
15. Nd5 Qxd2 16. Nxe7+ Kh8 17. Bxd2 Rxc2 18. Bb4 Rxe2 19. Rae1 Rxe4 20. Bxd6
Rd8 21. Bb4 Rxb4 22. axb4 Bb5 23. Rf2 Re8 24. f5 Rxe7 25. fxe6 fxe6 26. Rd2 Kg8
27. h3 e5 28. Kg1 e4 29. Kf2 Kf7 30. g4 e3+ 0-1

[Event "10. Open Internacional de Málaga"]
[Site "Campillos ESP"]
[Date "2007.02.27"]
[Round "5.20"]
[White "Herrera Mellado, Luis"]
[Black "Tamajon Castilla, Fco Javier"]
[Result "1-0"]
[WhiteElo "2140"]
[BlackElo "1960"]
[PlyCount "79"]
[EventDate "2007.02.24"]
[EventType "swiss"]
[EventRounds "9"]
[EventCountry "ESP"]
[Source "lmi"]
[SourceDate "2007.02.24"]

1. e4 e5 2. Nf3 Nf6 3. Nxe5 d6 4. Nf3 Nxe4 5. Nc3 Nxc3 6. dxc3 Be7 7. Be3 O-O
8. Qd2 Nd7 9. O-O-O Nc5 10. Kb1 a5 11. Nd4 Bd7 12. f3 Bf6 13. g4 b5 14. g5 Bxd4
15. cxd4 Nb7 16. h4 d5 17. Bf4 Nd6 18. Bxd6 cxd6 19. Bd3 b4 20. h5 f5 21. Qf4
Qb6 22. Rhe1 Rae8 23. Rxe8 Rxe8 24. Kc1 a4 25. Bxf5 b3 26. axb3 Bxf5 27. Qxf5
axb3 28. Qxd5+ Kh8 29. Qxb3 Qa5 30. f4 Qa1+ 31. Kd2 Qa5+ 32. Qc3 Qf5 33. Rf1
Qe4 34. Qd3 Qg2+ 35. Kc1 Qa8 36. Kb1 Qa5 37. Qc3 Qf5 38. h6 Rc8 39. hxg7+ Kxg7
40. Qd3 1-0

[Event "10. Open Internacional de Málaga"]
[Site "Campillos ESP"]
[Date "2007.02.27"]
[Round "5.23"]
[White "Lobato Lavin, Alvaro"]
[Black "Escofet Llongueras, Joan"]
[Result "1-0"]
[WhiteElo "2049"]
[BlackElo "1888"]
[PlyCount "35"]
[EventDate "2007.02.24"]
[EventType "swiss"]
[EventRounds "9"]
[EventCountry "ESP"]
[Source "lmi"]
[SourceDate "2007.02.24"]

1. e4 e6 2. d4 d5 3. Nc3 Nf6 4. Bg5 Be7 5. e5 Nfd7 6. Bxe7 Qxe7 7. f4 a6 8. Nf3
c5 9. dxc5 Nxc5 10. Bd3 Nxd3+ 11. Qxd3 Nc6 12. O-O-O Bd7 13. Kb1 b5 14. Rhe1
Qc5 15. Ne4 dxe4 16. Qxd7+ Kf8 17. Ng5 Ne7 18. Qd8+ 1-0

[Event "10. Open Internacional de Málaga"]
[Site "Campillos ESP"]
[Date "2007.02.27"]
[Round "5.26"]
[White "Rautanen, Sari"]
[Black "Linan Baena, Jeronimo"]
[Result "1/2-1/2"]
[WhiteElo "1943"]
[BlackElo "2186"]
[PlyCount "24"]
[EventDate "2007.02.24"]
[EventType "swiss"]
[EventRounds "9"]
[EventCountry "ESP"]
[Source "lmi"]
[SourceDate "2007.02.24"]

1. Nf3 c5 2. c4 d6 3. g3 e5 4. Nc3 g6 5. Bg2 Bg7 6. O-O Ne7 7. e4 Nbc6 8. h3
O-O 9. d3 h6 10. Be3 Be6 11. Qd2 Kh7 12. Kh2 Rb8 1/2-1/2

[Event "10. Open Internacional de Málaga"]
[Site "Campillos ESP"]
[Date "2007.02.28"]
[Round "6.1"]
[White "Matamoros Franco, Carlos S"]
[Black "Strikovic, Aleksa"]
[Result "1/2-1/2"]
[WhiteElo "2540"]
[BlackElo "2557"]
[PlyCount "31"]
[EventDate "2007.02.24"]
[EventType "swiss"]
[EventRounds "9"]
[EventCountry "ESP"]
[Source "lmi"]
[SourceDate "2007.02.24"]

1. c4 e5 2. g3 Nf6 3. Bg2 c6 4. d4 exd4 5. Qxd4 Na6 6. Nf3 d5 7. O-O Nb4 8.
cxd5 Qxd5 9. Nc3 Qxd4 10. Nxd4 Bc5 11. a3 Nbd5 12. Nxd5 Nxd5 13. Nb5 O-O 14.
Bxd5 cxd5 15. Nc7 Bh3 16. Nxa8 1/2-1/2